<?xml version="1.0" encoding="UTF-8"?>
<record
    xmlns:xsi="http://www.w3.org/2001/XMLSchema-instance"
    xsi:schemaLocation="http://www.loc.gov/MARC21/slim http://www.loc.gov/standards/marcxml/schema/MARC21slim.xsd"
    xmlns="http://www.loc.gov/MARC21/slim">

  <leader>01845nam a22003137a 4500</leader>
  <datafield tag="999" ind1=" " ind2=" ">
    <subfield code="c">23429</subfield>
    <subfield code="d">23429</subfield>
  </datafield>
  <controlfield tag="003">AR-CdUCM</controlfield>
  <controlfield tag="008">251229b2024    pe ||||| |||| 00| 0 spa d</controlfield>
  <datafield tag="020" ind1=" " ind2=" ">
    <subfield code="a">978-612-4236-47-1</subfield>
  </datafield>
  <datafield tag="040" ind1=" " ind2=" ">
    <subfield code="a">MUNICIPALIDAD PROVINCIAL DEL CUSCO</subfield>
    <subfield code="c">BIBLIOTECA MUNICIPAL DEL CUSCO</subfield>
  </datafield>
  <datafield tag="082" ind1=" " ind2=" ">
    <subfield code="a">306.089 /</subfield>
    <subfield code="b">B25</subfield>
  </datafield>
  <datafield tag="100" ind1=" " ind2=" ">
    <subfield code="a"> Barrios Torre, F. Wilfredo.</subfield>
  </datafield>
  <datafield tag="245" ind1=" " ind2=" ">
    <subfield code="a">Doble puente inca /</subfield>
  </datafield>
  <datafield tag="260" ind1=" " ind2=" ">
    <subfield code="a">Cusco :</subfield>
    <subfield code="b">Universidad Nacional de San Antonio Abad del Cusco</subfield>
    <subfield code="c">2024</subfield>
  </datafield>
  <datafield tag="300" ind1=" " ind2=" ">
    <subfield code="a">176 p&#xE1;ginas. :</subfield>
    <subfield code="c">15 x 20 cm.</subfield>
  </datafield>
  <datafield tag="500" ind1=" " ind2=" ">
    <subfield code="z">P&#xE1;ginas: 175 - 176</subfield>
  </datafield>
  <datafield tag="505" ind1=" " ind2=" ">
    <subfield code="a">Tipos de puentes en el Tahuantinsuyo. &#xBF;Por qu&#xE9; se escribe este libro?. C&#xF3;mo llegar a Manka P'aki. 
 Puentes -- &#xC1;rea de estudio -- Ubicaci&#xF3;n -- Asentamientos en el valle del rio Pampas -- Ocupaci&#xF3;n chanca -- Probabilidad de la existencia de un tambo en Saurama -- Ocupaci&#xF3;n inca -- colonial -- Caminos de la &#xE9;poca inca en el contexto de Vilcashuam&#xE1;n -- Hacia el Chinchaysuyu (Cusco - Vilcashuam&#xE1;n)  Pujas -- Manka P'aki -- Cocharcas -- Caracter&#xED;sticas -- Teolog&#xED;a constructiva --G&#xE9;nesis del puente colgante inca -- Caracter&#xED;sticas -- &#xC9;poca de la construcci&#xF3;n -- Materiales -- Entrevistas -- Edificaci&#xF3;n de las             Infraestructuras. &#xBF;Por qu&#xE9; se habr&#xED;a construido doble puente?  Material del puente colgante -- An&#xE9;cdotas -- Investigaci&#xF3;n de campo del a&#xF1;o 2001 -- Del estado actual de cada m&#xF3;dulo del a&#xF1;o 2001 y 2020.... </subfield>
  </datafield>
  <datafield tag="650" ind1=" " ind2=" ">
    <subfield code="a">Puentes </subfield>
    <subfield code="9">10044</subfield>
  </datafield>
  <datafield tag="650" ind1=" " ind2=" ">
    <subfield code="a">Troncos,  palos, piedra</subfield>
    <subfield code="9">51871</subfield>
  </datafield>
  <datafield tag="650" ind1=" " ind2=" ">
    <subfield code="a">Oroyas del Tahuantinsuyu</subfield>
    <subfield code="9">51872</subfield>
  </datafield>
  <datafield tag="650" ind1=" " ind2=" ">
    <subfield code="a">Valle del rio Pampas</subfield>
    <subfield code="9">51873</subfield>
  </datafield>
  <datafield tag="650" ind1=" " ind2=" ">
    <subfield code="a">Tambo  en Saurama</subfield>
    <subfield code="9">51874</subfield>
  </datafield>
  <datafield tag="650" ind1=" " ind2=" ">
    <subfield code="a">Caminos inca</subfield>
    <subfield code="9">51875</subfield>
  </datafield>
  <datafield tag="650" ind1=" " ind2=" ">
    <subfield code="a">Construcci&#xF3;n de un recinto</subfield>
    <subfield code="9">51876</subfield>
  </datafield>
  <datafield tag="650" ind1=" " ind2=" ">
    <subfield code="a">Escalinatas</subfield>
    <subfield code="9">51877</subfield>
  </datafield>
  <datafield tag="856" ind1=" " ind2=" ">
    <subfield code="f">www.unsaac.edu.pe</subfield>
  </datafield>
  <datafield tag="942" ind1=" " ind2=" ">
    <subfield code="2">ddc</subfield>
    <subfield code="c">LIBROS</subfield>
  </datafield>
  <datafield tag="945" ind1=" " ind2=" ">
    <subfield code="a">jmcs</subfield>
    <subfield code="d">29/12/2025</subfield>
  </datafield>
  <datafield tag="952" ind1=" " ind2=" ">
    <subfield code="0">0</subfield>
    <subfield code="2">ddc</subfield>
    <subfield code="4">0</subfield>
    <subfield code="7">0</subfield>
    <subfield code="a">SH</subfield>
    <subfield code="b">SH</subfield>
    <subfield code="c">CART</subfield>
    <subfield code="d">2025-12-29</subfield>
    <subfield code="e">Donaci&#xF3;n</subfield>
    <subfield code="g">20.00</subfield>
    <subfield code="o">306.089 / B25</subfield>
    <subfield code="p">SH0000017040</subfield>
    <subfield code="r">2025-12-29</subfield>
    <subfield code="y">LIBROS</subfield>
  </datafield>
</record>
